Schleswig - Danish to German Empire Christopher King collection (II) 2021 (Record no. 3180)
[ view plain ]
| 000 -LEADER | |
|---|---|
| fixed length control field | 00340nam a22000977a 4500 |
| 008 - FIXED-LENGTH DATA ELEMENTS--GENERAL INFORMATION | |
| fixed length control field | 211018b ||||| |||| 00| 0 eng d |
| 100 ## - MAIN ENTRY--AUTHOR'S NAME | |
| Author's Name | Heinrich Kohler Auctions |
| 245 ## - TITLE STATEMENT | |
| Title | Schleswig - Danish to German Empire Christopher King collection (II) 2021 |
| 260 ## - PUBLICATION, DISTRIBUTION, ETC. (IMPRINT) | |
| Place of publication, distribution, etc. | Wiesbaden, Germany |
| Name of publisher, distributor, etc. | Heinrich Kohler Auctions |
| Date of publication, distribution, etc. | 2021 |
| 650 ## - TOPICAL TERM (Tag) | |
| Topical term or geographic name | Schleswig; Denmark |
| Withdrawn status | Lost status | Source of classification or shelving scheme | Damaged status | Koha normalized classification for sorting | Not for loan | Collection code | Permanent Location | Current Location | Shelving location | Date acquired | Full call number | Barcode | Date last seen | Price effective from | Koha item type | Public note |
|---|---|---|---|---|---|---|---|---|---|---|---|---|---|---|---|---|
| G6920 A1 K792 | Rudi Anders | Northern Philatelic Library | Northern Philatelic Library | General Stacks | 10/18/2021 | G6920 A1 K792 | 1005611 | 10/18/2021 | 10/18/2021 | Auction Catalogs | 2021 Auction - part II |